Escritos sobre aprendizaje: recopilación
Saved in:
| Hovedforfatter: | |
|---|---|
| Format: | Bog |
| Sprog: | spansk |
| Udgivet: |
Santiago
J. C. Sáez
2012
|
| Udgivelse: | 1a. ed |
| Fag: | |
| Tags: |
Tilføj Tag
Ingen Tags, Vær først til at tagge denne postø!
|
MARC
| LEADER | 00000cam a2200000 a 4500 | ||
|---|---|---|---|
| 001 | UCE7792 | ||
| 003 | CL-VaPUC | ||
| 008 | 150703e20120000cl |||||||||||||||||spa|d | ||
| 020 | |a 9789563060591 | ||
| 082 | 0 | 4 | |a 370.152 |b ECH |2 21 |
| 100 | 0 | |a Echeverría, Rafael |e author |9 354 | |
| 245 | 1 | 0 | |a Escritos sobre aprendizaje: recopilación |
| 250 | |a 1a. ed | ||
| 300 | |a 274 p | ||
| 942 | |c BK | ||
| 945 | |d 20150703 10:05:00 |a gsalatino | ||
| 260 | |a Santiago |b J. C. Sáez |c 2012 | ||
| 650 | 0 | |a Aprendizaje |9 254827 | |
| 650 | 0 | |a Métodos de aprendizaje |9 334464 | |
| 583 | |a last modification |c 20150703 10:05:00 |k Rodrigo Vera | ||
| 999 | |c 359816 |d 359814 | ||
| 952 | |0 0 |1 0 |3 erb |4 0 |6 370_152000000000000_ECH_2012 |7 0 |8 R |9 469367 |a BIBGIM |b BIBGIM |i 516611K |l 3 |o 370.152 ECH 2012 |p 516611K |r 2025-01-15 |s 2022-03-29 |w 2019-11-23 |y BK_R |z Catalogado en:20150703 |k COM | ||